Danzas folclóricas de la zona Andina de Colombia (Record no. 8706)

MARC details
000 -LEADER
campo de control de longitud fija 00560nam a2200145Ia 4500
008 - DATOS DE LONGITUD FIJA--INFORMACIÓN GENERAL
campo de control de longitud fija 231129s2012||||xx |||||||||||||| ||spa||
020 ## - NÚMERO INTERNACIONAL ESTÁNDAR DEL LIBRO
Número Internacional Estándar del Libro 33-22-99-7
040 ## - FUENTE DE CATALOGACIÓN
Lengua de catalogación spa
082 ## - NÚMERO DE LA CLASIFICACIÓN DECIMAL DEWEY
Número de clasificación 793.319861 P314m
100 ## - ENTRADA PRINCIPAL--NOMBRE DE PERSONA
Nombre de persona Patronato Colombiano de Artes y Ciencias
245 #0 - MENCIÓN DEL TÍTULO
Título Danzas folclóricas de la zona Andina de Colombia
260 ## - PUBLICACIÓN, DISTRIBUCIÓN, ETC.
Fecha de publicación, distribución, etc. 2012
264 ## - PRODUCCIÓN, PUBLICACIÓN, DISTRIBUCIÓN, FABRICACIÓN Y COPYRIGHT
Producción, publicación, distribución, fabricación y copyright Bogotá Colombia : Colegio Máximo de las Academí­as Colombianas; Patronato Colombiano de Artes y Ciencias. Fundación Joaquí­n Piñeros Corpas
942 ## - ELEMENTOS DE ENTRADA SECUNDARIOS (KOHA)
Fuente del sistema de clasificación o colocación Clasificación Decimal Dewey
Tipo de ítem Koha

No items available.

Powered by Koha